Welcome to the Holygrace Academy Library

Please use search bar below to get started

THE GREAT PET-SHOP PANIC (Record no. 1881)

MARC details
000 -LEADER
fixed length control field 00394nam a22001577a 4500
020 ## - INTERNATIONAL STANDARD BOOK NUMBER
ISBN 978-0-95862-765-0
082 ## - DEWEY DECIMAL CLASSIFICATION NUMBER
Classification number 823
Item number COP/S
100 ## - MAIN ENTRY--AUTHOR NAME
Personal name DAVIES, KATIE
245 ## - TITLE STATEMENT
Title THE GREAT PET-SHOP PANIC
Remainder of title SHORT STORY
246 ## - VARYING FORM OF TITLE
Title proper/short title THE GREAT PET - SHOP PANIC
Remainder of title SHORT STORY
260 ## - PUBLICATION, DISTRIBUTION, ETC. (IMPRINT)
Place of publication ENGLAND
Name of publisher PENGUIN BOOKS
Year of publication 2011
300 ## - PHYSICAL DESCRIPTION
Number of Pages 65
520 ## - SUMMARY, ETC.
Summary, etc SHORT STORY
650 ## - SUBJECT ADDED ENTRY--TOPICAL TERM
Topical Term SHORT STORY
942 ## - ADDED ENTRY ELEMENTS (KOHA)
Koha item type Books
Holdings
Withdrawn status Lost status Collection code Home library Current library Shelving location Date acquired Source of acquisition Full call number Accession Number Koha item type
    Fiction Main Library Main Library SHELF 4-B ANIMAL ARK 14/03/2014 Purchase 823 COP/S 07929 Books